000 00836nam a22001817a 4500
005 20120215151339.0
020 _a9788181461025
_c90.00
082 _a
100 _aभूटिया, चौंग दोर्जी
_942164
245 _aनोरबू के नए जूते /
_cचौंग दोर्जी भूटिया
260 _aचैन्नई
_bतूलिका पब्लिशिंग
_c2011
270 _a13, पृथ्वी ऐवन्यु,अभिरमपुरम
_bचैन्नई
_e600018
300 _aअ.पृ
_bसचित्र
_c28सेमी (अजिल्द)
700 _942026
700 _942095
942 _2ddc
_cCH
_h
_mभूटिया
999 _c62882
_d62882